00690pam a2200229 a 45000010008000000030004000080050017000120080041000290100017000700200018000870400018001050500023001230820012001461000033001582450064001912500022002552600037002773000042003145040051003566500020004077000033004274473065OSt20191224151255.0961025s1997 nyua b 001 0 eng  a 96045453  a9780071144841 aDLCcDLCdDLC00aHB172.5b.L36 199700a3392211 aLandsburg, Steven E.,d1954-10aMacroeconomics /cSteven E. Landsburg, Lauren J. Feinstone. aInternational ed. aNew York :bMcGraw-Hill,cc1997. axxiii, 552 p. :bcol. ill. ;c24 cm. aIncludes bibliographical references and index. 0aMacroeconomics.1 aFeinstone, Lauren J.,d1952-